| 000 | 00389nam a2200145Ia 4500 | ||
|---|---|---|---|
| 008 | 230917s9999||||xx |||||||||||||| ||und|| | ||
| 040 |
_e112334 _aMAIN |
||
| 041 | _aEnglish | ||
| 082 | _a352.054558 K16S | ||
| 100 | _aKaushalya | ||
| 245 | 0 | _aState municipal relations: A study of supervision and control in Haryana | |
| 260 |
_aRohtak _bM.D.U. _c2004 |
||
| 300 | _a208 p. | ||
| 942 | _cBK | ||
| 999 |
_c124695 _d124695 |
||